| 000 | 00378nam a22001217a 4500 | ||
|---|---|---|---|
| 082 | _a200 THE | ||
| 100 |
_aMAAZ TAHIR MALIK _970706 |
||
| 245 | _aTH-SOF-1061-SAMPLED-DATA NONLINEAR CONTROL OF ECP 730 MAGNETIC LEVITATIO | ||
| 260 |
_aIslamabad _bNUST College of EME _c2014 |
||
| 650 | _aMS-ELECT-71 MSTHESIS | ||
| 700 |
_aSupervison Dr. FAHAD MUMTAZ MALIK _970175 |
||
| 942 | _cCF | ||
| 999 |
_c577608 _d577608 |
||